00469nam a22001697a 450000500170000001000130001702000250003003500130005503700250006808200060009310000160009924500960011526000290021127000390024030000170027970000030029620120110143311.0 aB-444560 a9780448450230c99.00 aB-444560 bBlue Berry/Ven aDPL aS aKirk, David a Miss spider's sunny patch friends:cby David KirkbThe Prince, the princess, and the Bee / aNew YorkbCallawayc2008 a345 Hudson StreetbNew Yorke10014 a32p.c19cm.